Famous Lefties Quiz Stats

Quiz Updated Jan 30, 2016

Challenge
Share
Tweet
Score 0/20 Timer 06:00
1 Play Today
% Correct
Bill Clinton
96.1%
Whoopi Goldberg
96%
Oprah Winfrey
94%
Charlie Chaplin
91.8%
Paul McCartney
90.5%
Kurt Cobain
89.2%
Angelina Jolie
86.4%
Jimi Hendrix
85.3%
Sarah Jessica Parker
83.1%
David Bowie
83%
% Correct
Tim Allen
81.3%
Gerald Ford
74.6%
Jon Stewart
71.7%
Mark Hamill
70.6%
Stan Lee
66.9%
Diane Keaton
65.2%
Richard Simmons
63.7%
Phil Collins
63.5%
Cary Grant
49.5%
Harry Truman
49.5%

You're not logged in!

Compare scores with friends on all Sporcle quizzes.
Sign Up with Email
OR
Log In

You Might Also Like...

Show Comments

Extras

Top Quizzes Today


Score Distribution

Your Account Isn't Verified!

In order to create a playlist on Sporcle, you need to verify the email address you used during registration. Go to your Sporcle Settings to finish the process.